000 00854nam a22002897a 4500
003 CHAP
005 20220329141409.0
008 971013s1977 r 00010 d
010 _a67497
011 _a68469
035 _a77941
040 _cCHAP
082 _a301.35
_bF65
245 _aFondo Internacional de Desarrollo Agrícola
260 _a[Roma] :
_bEl Fondo,
_c1977
300 _a28 h.
500 _a24-125
590 _aBATCH-UPD
_b10
_c20130110
_lUCH01
_h0956
590 _aBATCH-UPD
_b10
_c20130410
_lUCH01
_h0608
590 _aBATCH-UPD
_b10
_c20130914
_lUCH01
_h1155
590 _aCONVERSION
_b10
_c20130109
_lUCH01
_h1337
650 1 4 _aDesarrollo rural.
_932067
650 1 4 _aOrganismos Internacionales Agrícolas.
_983526
901 _aBK
942 _cLIBRO
949 _a301.35 F65
_bBC
_cLIBRO
_d33724000293825
_eLIBRO
_h73538
_i77941
_mD
_si
999 _c67497
_d67497